000 01741nam0a2200385 4500
001 RU\NLR\bibl\282945
005 20260408190826.0
010 _a5-7107-5016-6
_910000
021 _aRU
_b2002-9394
_9464
035 _a(NLR Aleph) 000278396
090 _a1628771
_c1628771
100 _a20020618d2001 |||y0rusy50 ca
101 0 _arus
102 _aRU
105 _aa |||||||||
200 1 _aМатериалы для организации и проведения мониторинга эксперимента
_e[Сб.]
_fМ-во образования Рос. Федерации
_g[Сост. Г.С. Ковалева, С.В. Иванова]
210 _aМ.
_cДрофа
_d2001
215 _a215,[1] с.
_cил.
_d21
225 1 _aЭксперимент: совершенствование структуры и содержания общего образования
606 0 _aПедагогический эксперимент
_91833666
_3RU\NLR\auth\66829375
606 _8rus
_aМониторинг в народном образовании
_7ca
_3RU\NLR\auth\661256549
_92080605
610 0 _aПедагогический эксперимент
675 _a371.26
_v3
_zrus
686 _a14
_2rugasnti
686 _a74.202
_2rubbk
686 _aЧ30в6
686 _aЧ312.8
702 1 _4220
_8rus
_7ca
_aКовалева
_bГ. С.
_cканд. пед. наук
_gГалина Сергеевна
_3RU\NLR\auth\77108916
_991841
712 0 1 _4570
_aРоссийская Федерация
_bМинистерство образования
_3RU\NLR\AUTH\884572
_9280683
801 0 _aRU
_bRKP
_c20020618
_gPSBO
801 1 _aRU
_bRKP
_c20020618
801 2 _aRU
_bNLR
_c20120522
_grcr
942 _cBOOK
980 _aNB